000 00917nam a22002057a 4500
003 OSt
005 20250911164253.0
008 240222b ||||| |||| 00| 0 eng d
040 _c0
082 _aDPer 621.317 Ie21 May 2022 v. 37 n. 5
100 _aKumar, Manish.
_eauthor.
_952960
245 _aReduction in circulating current with improved secondary side modulation in isolated current-fed half bridge AC-DC converter /
_cManish Kumar, Sumit Pramanick, and B.K. Panigrahi.
260 _aNew York ;
_bThe Institute of Electrical and Electronics Engineers, Inc. ,
_cMay 2022.
300 _aVolume 37, pages 5625-5636 :
_billustration ;
_c28 cm.
500 _aIEEE Transactions on Power Electronics, vol. 37, no. 5, pages 5625-5636, May 2022.
700 _aKumar, Manish.
_eauthor.
_952960
700 _aPramanick, Sumit.
_eauthor.
_952981
700 _aPanigrahi, Bijaya Ketan.
_eauthor.
_952982
942 _2ddc
_cPER
999 _c19277
_d19277